| 000 | 01100namaa2200313 a 4500 | ||
|---|---|---|---|
| 001 | vtls001303727 | ||
| 003 | NLI | ||
| 005 | 20210627043914.0 | ||
| 008 | 120418s1977 dcu b i001 0 eng | ||
| 020 | _a0844402451 | ||
| 039 | 9 |
_y201204181929 _zVLOAD |
|
| 040 | 0 |
_aNLI _cVTLS-2012_FOD _eAACR2 |
|
| 041 | 0 | _aeng | |
| 044 | _adcu | ||
| 082 | 0 | 4 | _a015.676 |
| 100 | 1 |
_aGray, Beverly Ann _9725746 |
|
| 245 | 1 | 0 |
_aUganda : _bsubject guide to official publications / _ccompiled by Beverly Ann Gray, African Section, General Reference and Bibliography Division, Reader Services Department |
| 260 |
_aWashington, D.C. : _bLibrary of Congress, _c1977 |
||
| 300 |
_axvi, 271 p. ; _c27 cm. |
||
| 500 | _aIncludes indexes | ||
| 504 | _a"Library of Congress publications on Africa since 1960": p. 268-270 | ||
| 650 | 0 |
_aGovernment publications _zUganda _xBibliography _9725747 |
|
| 710 | 2 |
_aLibrary of Congress. _bAfrican Section _9725748 |
|
| 887 | _a | ||
| 901 |
_aAD 61476 _b04.07.1978 |
||
| 902 | _aU.S 015.676 G 791 | ||
| 949 |
_AVIRTUAITEM _D10000 _X100 _6ADX000061476ENG |
||
| 942 |
_2ddc _cBKS |
||
| 999 |
_c596381 _d596381 |
||